|
|
|
|
| LEADER |
01281nam a22003137a 4500 |
| 001 |
43599 |
| 003 |
BD-DhAAL |
| 005 |
20241021151216.0 |
| 008 |
241021t1997 enkar 0 1 0eng c |
| 020 |
|
|
|a 085112044X
|
| 020 |
|
|
|a 9780851120447,
|
| 040 |
|
|
|a CSf
|b eng
|c CSf
|d NIIC
|d MCM
|d DLC
|d N
|d WaU
|d DLC
|d InU
|d DLC
|d OCoLC
|d BD-DhAAL
|
| 050 |
0 |
0 |
|a AG243
|b .G87
|
| 082 |
0 |
4 |
|a 032/.02
|
| 245 |
1 |
4 |
|a The guinness book of records.
|f 1998 /
|c edited by Elizabeth Wyse.
|
| 260 |
|
|
|a [London] :
|b Guinness Pub.,
|c c1998.
|
| 300 |
|
|
|a 352 pages :
|b col. ill. ;
|c 31 cm.
|
| 500 |
|
|
|a Includes index.
|
| 541 |
|
|
|a Savar campus library
|e 43599
|
| 650 |
|
0 |
|a World records
|v Juvenile literature.
|9 57015
|
| 650 |
|
0 |
|a World records
|v Periodicals.
|9 20485
|
| 650 |
|
0 |
|a Curiosities and wonders
|v Periodicals.
|9 20486
|
| 700 |
|
|
|a Wyse, Elizabeth.
|9 57016
|
| 775 |
1 |
|
|t Guinness book of records
|x 0300-1679
|w (DLC) 56019118
|w (OCoLC)1782732
|
| 785 |
0 |
0 |
|t Guinness world records
|w (DLC)sn 99047878
|w (OCoLC)42516672
|
| 852 |
|
|
|a Savar Campus Library
|c General Shelf
|
| 942 |
|
|
|2 ddc
|c BK
|
| 999 |
|
|
|c 37839
|d 37839
|
| 952 |
|
|
|0 0
|1 0
|2 ddc
|4 0
|6 032_020000000000000_GUI
|7 0
|9 76715
|a SCL
|b SCL
|c GEN
|d 2024-10-21
|e Savar Campus Library
|l 0
|o 032.02 GUI
|p 3020043599
|r 2024-10-21
|t 1
|w 2024-10-21
|y BK
|x Price not available in register.
|